[Event "Turkish Club Cup 2019"]
[Site "Konya"]
[Date "2019.07.21"]
[Round "9"]
[White "Kiziltas, Ece Su"]
[Black "Yanik, Emine"]
[Result "1/2-1/2"]
[WhiteElo "1400"]
[BlackElo "1911"]
[Annotator "NA"]
[PlyCount "158"]
[EventDate "2019.07.16"]
[EventType "team-tourn"]
[EventCountry "TUR"]
[SourceTitle "playchess.com"]
[Source "ChessBase"]
[SourceQuality "1"]

1. Nf3 d5 2. d4 Nf6 3. g3 c6 4. Bg2 e6 5. O-O Bd6 6. Nbd2 Nbd7 7. c4 O-O 8. b3 Re8 9. Bb2 b6 10. Ne5 Bb7 11. e3 Rc8 12. f4 c5 13. Rc1 Ba8 14. Qe2 Qe7 15. h3 dxc4 16. Ndxc4 Bxg2 17. Qxg2 cxd4 18. exd4 Nd5 19. Qe2 Rc7 20. Nxd6 Qxd6 21. Rxc7 Qxc7 22. Rc1 Qb7 23. Qb5 N7f6 24. Qc6 Qa6 25. Qc2 Qxa2 26. Ra1 Ne3 27. Rxa2 Nxc2 28. Rxa7 Ne4 29. Kh2 Rc8 30. Nc6 Kf8 31. Ne7 Re8 32. Nc6 Rc8 33. Ne7 Re8 34. Nc6 h5 35. Rc7 Ne3 36. Ba3+ Kg8 37. Rc8 Rxc8 38. Ne7+ Kh7 39. Nxc8 Nd5 40. Nd6 Nxd6 41. Bxd6 Kg6 42. Kg2 f6 43. Kf3 Kf7 44. Ke4 g6 45. Kd3 Ke8 46. Kc4 Kd7 47. Ba3 Kc6 48. Kd3 Kb5 49. Bf8 Kc6 50. Ba3 Kd7 51. Bf8 Ne7 52. Bxe7 Kxe7 53. Kc4 Kd6 54. Kb5 Kd5 55. Kxb6 Kxd4 56. b4 e5 57. b5 e4 58. Kc6 e3 59. b6 e2 60. b7 e1=Q 61. b8=Q Qxg3 62. Qd6+ Ke3 63. Qxf6 Qxf4 64. Qc3+ Kf2 65. Qc2+ Ke3 66. Qxg6 Qf3+ 67. Kd6 Qxh3 68. Qg5+ Kf2 69. Qd2+ Kg3 70. Ke5 h4 71. Qf4+ Kg2 72. Qd2+ Kg1 73. Qe1+ Kg2 74. Qd2+ Kf3 75. Qd3+ Kg2 76. Qd2+ Kh1 77. Qe1+ Kh2 78. Qf2+ Kh1 79. Qe1+ Kg2 1/2-1/2

[Event "Turkish Club Cup 2019"]
[Site "Konya"]
[Date "2019.07.21"]
[Round "9"]
[White "Demir, Aleyna"]
[Black "Yilmaz, Seyma"]
[Result "1/2-1/2"]
[WhiteElo "1354"]
[BlackElo "1500"]
[Annotator "NA"]
[PlyCount "112"]
[EventDate "2019.07.16"]
[EventType "team-tourn"]
[EventCountry "TUR"]
[SourceTitle "playchess.com"]
[Source "ChessBase"]
[SourceQuality "1"]

1. e4 c5 2. Nf3 d6 3. d4 cxd4 4. Qxd4 Nc6 5. Bb5 Bd7 6. Bxc6 Bxc6 7. Nc3 Nf6 8. O-O e6 9. Bg5 h6 10. Bh4 Be7 11. Rad1 a6 12. Bg3 e5 13. Qe3 Qc7 14. Nd2 O-O 15. Kh1 Nh5 16. f4 exf4 17. Bxf4 Nxf4 18. Qxf4 Bg5 19. Qg3 Qe7 20. Nf3 Bf6 21. Rxd6 Rad8 22. Rxd8 Rxd8 23. e5 Bg5 24. Nxg5 Qxg5 25. Qxg5 hxg5 26. Rf2 Rd4 27. h3 b5 28. a3 b4 29. axb4 Rxb4 30. b3 g4 31. hxg4 Rxg4 32. Kh2 Rg5 33. Re2 Rg4 34. Nd1 Kf8 35. Nb2 Ke7 36. Nd3 Rh4+ 37. Kg1 Rd4 38. Re3 a5 39. Rg3 g6 40. Kf2 a4 41. bxa4 Bxa4 42. c3 Rd5 43. Re3 Bb5 44. Nf4 Rd2+ 45. Ke1 Rb2 46. e6 Bc6 47. exf7+ Kxf7 48. Nxg6 Bxg2 49. Ne5+ Kf6 50. Nd7+ Kf5 51. Re5+ Kf4 52. Re2 Rb1+ 53. Kf2 Bh3 54. Rd2 Bxd7 55. Rxd7 Rb2+ 56. Ke1 Ke3 1/2-1/2

[Event "Turkish Club Cup 2019"]
[Site "Konya"]
[Date "2019.07.21"]
[Round "9"]
[White "Barutcu, Sevil"]
[Black "Yalcin, Sudenaz"]
[Result "1-0"]
[WhiteElo "1348"]
[BlackElo "1371"]
[Annotator "NA"]
[PlyCount "73"]
[EventDate "2019.07.16"]
[EventType "team-tourn"]
[EventCountry "TUR"]
[SourceTitle "playchess.com"]
[Source "ChessBase"]
[SourceQuality "1"]

1. e4 c5 2. Nf3 d6 3. d4 cxd4 4. Nxd4 Nf6 5. Nc3 Nc6 6. Be3 g6 7. f3 Bg7 8. Bc4 Bd7 9. Qd2 a6 10. Bb3 b5 11. a3 O-O 12. O-O Rc8 13. Nxc6 Bxc6 14. Bh6 Qc7 15. Bxg7 Kxg7 16. Rae1 Rfe8 17. Kh1 a5 18. Qg5 h6 19. Qg3 a4 20. Ba2 Bd7 21. f4 e5 22. fxe5 dxe5 23. Rxf6 Rf8 24. Ref1 Be8 25. R6f2 Qd6 26. Nd5 Rc5 27. Ne3 Qc7 28. Nd5 Qd6 29. Rf6 Qd7 30. c3 Rc6 31. Qxe5 Kh7 32. Rxc6 Qxc6 33. Nf6+ Qxf6 34. Qxf6 Kg8 35. Qxg6+ Kh8 36. Qxh6+ Kg8 37. Rf3 1-0

[Event "Turkish Club Cup 2019"]
[Site "Konya"]
[Date "2019.07.21"]
[Round "9"]
[White "Aslan, Roza"]
[Black "Bicaklioglu, Dilara"]
[Result "1/2-1/2"]
[WhiteElo "1282"]
[BlackElo "1305"]
[Annotator "NA"]
[PlyCount "99"]
[EventDate "2019.07.16"]
[EventType "team-tourn"]
[EventCountry "TUR"]
[SourceTitle "playchess.com"]
[Source "ChessBase"]
[SourceQuality "1"]

1. e4 e5 2. Nf3 Nc6 3. Bc4 Bc5 4. d3 Nf6 5. Nc3 h6 6. h3 d6 7. O-O O-O 8. Be3 Bxe3 9. fxe3 Na5 10. Bb3 c6 11. Qe1 Nxb3 12. axb3 Be6 13. Rd1 Qe7 14. d4 Bd7 15. Qh4 Rfe8 16. Rfe1 Rad8 17. Nh2 Nh7 18. Qxe7 Rxe7 19. Nf3 Nf6 20. Rd2 Rde8 21. Rde2 Bc8 22. Nd2 b5 23. b4 a6 24. Kh2 Kf8 25. b3 h5 26. g3 Nh7 27. Nf3 Re6 28. h4 Rf6 29. Kg2 Bg4 30. Rf2 exd4 31. exd4 Rfe6 32. Nh2 Nf6 33. Nxg4 Nxg4 34. Rfe2 Ke7 35. Nd1 f6 36. Nf2 Nxf2 37. Kxf2 g5 38. Kf3 Kf7 39. Kf2 Kg6 40. Kf3 R8e7 41. Re3 Re8 42. Rc3 d5 43. Rce3 dxe4+ 44. Rxe4 Rxe4 45. Rxe4 Rd8 46. c3 Kf5 47. Re7 g4+ 48. Ke3 Rh8 49. Rc7 Re8+ 50. Kf2 1/2-1/2

[Event "Turkish Club Cup 2019"]
[Site "Konya"]
[Date "2019.07.21"]
[Round "9"]
[White "Kurnaz, Azra"]
[Black "Olmez, Sude"]
[Result "1/2-1/2"]
[WhiteElo "1268"]
[BlackElo "1180"]
[Annotator "NA"]
[PlyCount "125"]
[EventDate "2019.07.16"]
[EventType "team-tourn"]
[EventCountry "TUR"]
[SourceTitle "playchess.com"]
[Source "ChessBase"]
[SourceQuality "1"]

1. e4 e5 2. Nf3 Nc6 3. Bb5 a6 4. Ba4 Nf6 5. O-O b5 6. Bb3 Bc5 7. Re1 d6 8. h3 h6 9. c3 O-O 10. d4 exd4 11. cxd4 Bb6 12. Nc3 Re8 13. Bc2 Bb7 14. a3 Na5 15. b3 d5 16. e5 Nd7 17. Qd3 Nf8 18. Bf4 Nc6 19. Rad1 Ne7 20. Bg3 Bc8 21. Qe3 Nf5 22. Qf4 Nxg3 23. Qxg3 c6 24. Nh4 Bc7 25. Bf5 Qg5 26. Qxg5 hxg5 27. Bxc8 Raxc8 28. Nf5 Ne6 29. Kf1 Kh7 30. Ne2 g6 31. Ne3 Kg7 32. Rc1 Bb6 33. Red1 Red8 34. b4 Rc7 35. Ng4 Nf8 36. Nf6 Nh7 37. Nxh7 Kxh7 38. Rc2 Rdc8 39. Rdc1 Kg7 40. Ke1 a5 41. Kd2 axb4 42. axb4 Kf8 43. Ra1 Ra7 44. Rxa7 Bxa7 45. Ra2 Bb6 46. g4 Bd8 47. Ra7 Rc7 48. Rxc7 Bxc7 49. Ke3 Bd8 50. f4 Be7 51. fxg5 Bxg5+ 52. Nf4 Be7 53. Nd3 Kg7 54. Kf3 g5 55. Ke3 Kg6 56. Kd2 f5 57. exf6 Bxf6 58. Kc3 Kf7 59. Nc5 Ke7 60. Nb3 Kd6 61. Nc5 Be7 62. Nd3 Bf6 63. Nc5 1/2-1/2

[Event "Turkish Club Cup 2019"]
[Site "Konya"]
[Date "2019.07.21"]
[Round "9"]
[White "Kucuk, Aybike"]
[Black "Ozgur, Sina"]
[Result "1-0"]
[WhiteElo "1266"]
[BlackElo "1524"]
[Annotator "NA"]
[PlyCount "93"]
[EventDate "2019.07.16"]
[EventType "team-tourn"]
[EventCountry "TUR"]
[SourceTitle "playchess.com"]
[Source "ChessBase"]
[SourceQuality "1"]

1. e4 e5 2. Nf3 Nc6 3. d4 exd4 4. Nxd4 Nf6 5. Nxc6 bxc6 6. e5 Ne4 7. Bc4 d5 8. exd6 Nxd6 9. Bb3 Be7 10. O-O O-O 11. Nc3 Bf6 12. Qf3 Bd7 13. Bf4 Nb5 14. Rad1 Qc8 15. Qg3 Bg4 16. Rd2 Bh5 17. Nxb5 cxb5 18. Bxc7 a6 19. Rd5 Bg6 20. c3 Ra7 21. Bf4 Rd7 22. Rfd1 Rxd5 23. Rxd5 Re8 24. Be3 Be4 25. Rc5 Qd8 26. Qc7 Qxc7 27. Rxc7 Bg6 28. Ra7 h6 29. h3 Bd3 30. Bxf7+ Kf8 31. Rxa6 Ke7 32. Bc5+ Kxf7 33. f3 Bc4 34. Kf2 Bg5 35. Be3 Bf6 36. Bd4 Bxd4+ 37. cxd4 Ke7 38. b3 Bd3 39. Ke3 Bf1 40. Kf2 Bd3 41. d5 b4 42. Rb6 Bb1 43. Rxb4 Bxa2 44. Ke3 Kd6+ 45. Kd4 Kc7 46. Kc5 g5 47. d6+ 1-0

[Event "Turkish Club Cup 2019"]
[Site "Konya"]
[Date "2019.07.21"]
[Round "9"]
[White "Sarac, Ayca"]
[Black "Unal, Beren"]
[Result "0-1"]
[WhiteElo "1142"]
[BlackElo "1391"]
[Annotator "NA"]
[PlyCount "48"]
[EventDate "2019.07.16"]
[EventType "team-tourn"]
[EventCountry "TUR"]
[SourceTitle "playchess.com"]
[Source "ChessBase"]
[SourceQuality "1"]

1. d4 Nf6 2. c4 g6 3. Nc3 Bg7 4. Bg5 O-O 5. e3 d6 6. Bd3 Nbd7 7. Nf3 h6 8. Bh4 e5 9. Nd5 Re8 10. dxe5 dxe5 11. Bg3 Nxd5 12. cxd5 e4 13. Bc4 exf3 14. Qxf3 Ne5 15. Bxe5 Rxe5 16. O-O-O Bf5 17. g4 Be4 18. Qf4 g5 19. Qg3 Bxh1 20. Rxh1 Qf6 21. f4 gxf4 22. exf4 Re4 23. Qd3 Qxb2+ 24. Kd1 Rd4 0-1